Т. 2: Биоблиография. Вып. 1: А - Л; Математика в СССР. 1958-1967

Dettagli Bibliografici
Parent link:Математика в СССР. 1958-1967: в 2 т./ под ред. С. В. Фомина, Г. Е. Шилова. Т. 2: Биоблиография. Вып. 1: А - Л.— , 1970
Lingua:russo
Pubblicazione: 1969
Soggetti:
Natura: MixedMaterials Libro
KOHA link:https://koha.lib.tpu.ru/cgi-bin/koha/opac-detail.pl?biblionumber=330747

MARC

LEADER 00000nam2a2200000 4500
001 330747
005 20231102004305.0
035 |a (RuTPU)RU\TPU\book\356535 
035 |a RU\TPU\book\212240 
090 |a 330747 
100 |a 20170411d1969 k y0rusy50 ca 
101 0 |a rus 
102 |a RU 
105 |a y a 000zy 
200 0 |a Т. 2: Биоблиография. Вып. 1: А - Л 
210 |d 1969 
215 |a 816 с. 
461 1 |0 (RuTPU)RU\TPU\book\214911  |t Математика в СССР. 1958-1967  |o в 2 т.  |f под ред. С. В. Фомина, Г. Е. Шилова  |v Т. 2: Биоблиография. Вып. 1: А - Л  |d 1970 
606 1 |a Математика  |2 stltpush  |3 (RuTPU)RU\TPU\subj\67327  |9 83171 
610 1 |a математическая наука 
610 1 |a СССР 
610 1 |a история 
610 1 |a математики 
610 1 |a биобиблиография 
610 1 |a библиография 
675 |a 51  |v 3 
801 1 |a RU  |b 63413507  |c 20110419 
801 2 |a RU  |b 63413507  |c 20170412  |g RCR 
942 |c BK